| 000 | 01013nam a22002537a 4500 | ||
|---|---|---|---|
| 003 | DO-SdBNP | ||
| 005 | 20210811111015.0 | ||
| 007 | ta | ||
| 008 | 210623e2020 dr ac||grt||| 00| 0 spa d | ||
| 040 |
_aDO-SdBNP _bspa _cBNPHU |
||
| 041 | _hspa | ||
| 082 | 4 |
_a363.2097293 _bP766i 2017-2020 _222 |
|
| 110 | 1 |
_aPolicía Nacional (República Dominicana) _978984 |
|
| 245 | 1 | 3 |
_aInforme de gestión 2017-2020 : Policía Nacional de la República Dominicana / _cFrank Félix Durán Mejía ... [et al.] , fotografías Jovany Gallardo ... [et al.] |
| 260 |
_aSanto Domingo : _bPolicía Nacional de la República Dominicana, _c2020. |
||
| 300 |
_a247 p.: _bil., fots. ; _c28 cm |
||
| 590 | _aInventariado, 2021/MFF | ||
| 650 | 4 |
_aPolicía _zRepública Dominicana _xInformes _y 2017-2020 _979435 |
|
| 651 | 4 |
_aRepública Dominicana _xPolítica y gobierno _y2017-2020 _979437 |
|
| 700 | 1 | 2 |
_aDuran Mejía, Frank Félix _979294 |
| 700 | 1 | 2 |
_aJovanny, Gallardo _eil. _978985 |
| 910 | _aValidado, 2021/MFF | ||
| 942 |
_2ddc _cLBS1 |
||
| 999 |
_c49993 _d49993 |
||